| 000 | 00353nam a2200157 i 4500 | ||
|---|---|---|---|
| 001 | bg | ||
| 245 | 0 | _aMagnetism of metals and alloys. | |
| 260 |
_aAmsterdam : _bElsevier, _c1982. |
||
| 020 | _a0444865187 | ||
| 040 | _cBPK | ||
| 041 | _apol | ||
| 080 | _a537 | ||
| 920 | _a0-444-86518-7 | ||
| 942 | _cKS | ||
| 008 | s pl f |000 0 pol | ||
| 999 |
_c28217 _d28217 |
||
| 856 |
_uhttp://koha.tu.koszalin.pl/cgi-bin/koha/opac-detail.pl?biblionumber=28217 _yKatalog online BPK |
||